Seerat Kai Isbaaq (Record no. 593239)
[ view plain ]
| 000 -LEADER | |
|---|---|
| fixed length control field | 00266nam a22001097a 4500 |
| 040 ## - CATALOGING SOURCE | |
| Transcribing agency | NUST |
| 082 ## - DEWEY DECIMAL CLASSIFICATION NUMBER | |
| Classification number | 297.7 ISH |
| 100 ## - MAIN ENTRY--PERSONAL NAME | |
| Personal name | Ishtiaq Ahmed Qureshi |
| 9 (RLIN) | 108954 |
| 245 ## - TITLE STATEMENT | |
| Title | Seerat Kai Isbaaq |
| 260 ## - PUBLICATION, DISTRIBUTION, ETC. | |
| Place of publication, distribution, etc. | LAHORE: |
| Name of publisher, distributor, etc. | FAZLEES BOOK SUPERMARKET, |
| Date of publication, distribution, etc. | 2022. |
| 942 ## - ADDED ENTRY ELEMENTS (KOHA) | |
| Source of classification or shelving scheme | |
| Koha item type | Book |
| Withdrawn status | Lost status | Source of classification or shelving scheme | Damaged status | Not for loan | Permanent Location | Current Location | Shelving location | Date acquired | Total Checkouts | Full call number | Barcode | Date last seen | Price effective from | Koha item type |
|---|---|---|---|---|---|---|---|---|---|---|---|---|---|---|
| College of Electrical & Mechanical Engineering (CEME) | College of Electrical & Mechanical Engineering (CEME) | General Stacks | 02/13/2023 | 297.7 ISH | CEME-20000-E | 02/13/2023 | 02/13/2023 | Book |
